Correspondencia de Gutierre Gómez de Fuensalida, embajador en Alemania, Flandes e Inglaterra (1496-1509) / (Record no. 54232)

MARC details
000 -LEADER
campo de control de longitud fija 01312nam a2200265 i 4500
001 - NÚMERO DE CONTROL
campo de control 54232
003 - IDENTIFICADOR DE NÚMERO DE CONTROL
campo de control ES-MaACL
005 - FECHA Y HORA DE LA ÚLTIMA TRANSACCIÓN
campo de control 20250918194237.0
007 - CAMPO FIJO DE DESCRIPCIÓN FÍSICA--INFORMACIÓN GENERAL
campo de control de longitud fija t|
008 - DATOS DE LONGITUD FIJA--INFORMACIÓN GENERAL
campo de control de longitud fija 031202s1907 sp ||||1| spa d
080 ## - NÚMERO DE LA CLASIFICACIÓN DECIMAL UNIVERSAL
Número de la Clasificación Decimal Universal 929 Gómez de Fuensalida, Gutierre
100 1# - ENTRADA PRINCIPAL--NOMBRE DE PERSONA
Nombre de persona Gómez de Fuensalida, Gutierre.
9 (RLIN) 57892
245 10 - MENCIÓN DEL TÍTULO
Título Correspondencia de Gutierre Gómez de Fuensalida, embajador en Alemania, Flandes e Inglaterra (1496-1509) /
Mención de responsabilidad, etc. publicada por el Duque de Berwick y de Alba, Conde de Siruela.
260 ## - PUBLICACIÓN, DISTRIBUCIÓN, ETC.
Lugar de publicación, distribución, etc. Madrid :
Nombre del editor, distribuidor, etc. [s.n.],
Fecha de publicación, distribución, etc. 1907 (
Fabricante Imp. Alemania)
300 ## - DESCRIPCIÓN FÍSICA
Extensión CI, 620 p., [8] h. de lám. ;
Dimensiones 28 cm.
530 ## - NOTA DISPONIBLE DE FORMULARIO FÍSICO ADICIONAL
Nota de formato físico adicional disponible Disponible en formato digital.
594 ## - Nota al título y mención de responsabilidad
Nota al título y mención de responsabilidad Tít. de cubierta: El embajador Fuensalida en las Cortes de Maximiliano, Dña. Juana la Loca y Catalina de Aragón.
599 ## - NOTA A LAS ILUSTRACIONES
NOTA A LAS ILUSTRACIONES Lám.: retratos de Maximiliano I (por Alberto Durero), la reina Dña. Juana y Catalina de Aragón; facsímiles y árboles genealógicos.
600 14 - PUNTO DE ACCESO ADICIONAL DE MATERIA--NOMBRE DE PERSONA
Nombre de persona Gómez de Fuensalida, Gutierre-
Subdivisión de forma Correspondencia.
9 (RLIN) 163668
700 1# - ENTRADA AGREGADA--NOMBRE PERSONAL
Nombre de persona Alba, Jacobo Fitz-James Stuart y Falcó,
Títulos y otros términos asociados al nombre Duque de,
Fechas asociadas al nombre 1878-1953
9 (RLIN) 173467
852 4# - LOCALIZACIÓN
Ubicación ES-MaACL
Número de control de estantería C-2350
Nota libre Revisado enlace: 16 de julio de 2025
856 4# - LOCALIZACIÓN Y ACCESO ELECTRÓNICOS
Identificador Uniforme de Recursos <a href="https://archive.org/details/correspondenciad00gm">https://archive.org/details/correspondenciad00gm</a>
Texto de enlace Internet Archive
942 ## - ELEMENTOS DE ENTRADA SECUNDARIOS (KOHA)
Fuente del sistema de clasificación o colocación Clasificación decimal universal
Holdings
Estatus retirado Estado de pérdida Estado de daño No para préstamo Colección Biblioteca de origen Biblioteca actual Ubicación en estantería Fecha de adquisición Fuente de adquisición Total de préstamos Signatura topográfica completa Código de barras Visto por última vez Precio de reemplazo Tipo de ítem Koha
        Colección digital Biblioteca del Ateneo de Madrid Biblioteca del Ateneo de Madrid Sala Palomar 17/01/2008     C-2350 1056992 23/02/2023 23/02/2023 Libro impreso